Accordion crimes / (Record no. 1169)
[ view plain ]
| 000 -LEADER | |
|---|---|
| fixed length control field | 00718cam a22003018a 4500 |
| 003 - CONTROL NUMBER IDENTIFIER | |
| control field | data |
| 005 - DATE AND TIME OF LATEST TRANSACTION | |
| control field | 20260322212049.0 |
| 008 - FIXED-LENGTH DATA ELEMENTS--GENERAL INFORMATION | |
| fixed length control field | data |
| 010 ## - LIBRARY OF CONGRESS CONTROL NUMBER | |
| LC control number | 96016299 |
| 020 ## - INTERNATIONAL STANDARD BOOK NUMBER | |
| International Standard Book Number | 0684831546 |
| 020 ## - INTERNATIONAL STANDARD BOOK NUMBER | |
| International Standard Book Number | 0684195488 |
| 020 ## - INTERNATIONAL STANDARD BOOK NUMBER | |
| International Standard Book Number | 9780684195483 |
| 020 ## - INTERNATIONAL STANDARD BOOK NUMBER | |
| International Standard Book Number | 9780684831541 |
| 040 ## - CATALOGING SOURCE | |
| Original cataloging agency | DLC |
| Transcribing agency | DLC |
| Modifying agency | UUP |
| 043 ## - GEOGRAPHIC AREA CODE | |
| Geographic area code | n-us--- |
| 049 ## - LOCAL HOLDINGS (OCLC) | |
| Holding library | UUPA |
| 099 ## - LOCAL FREE-TEXT CALL NUMBER (OCLC) | |
| Classification number | PROULE |
| 001 - CONTROL NUMBER | |
| control field | data |
| 100 1# - MAIN ENTRY--PERSONAL NAME | |
| Personal name | Proulx, Annie. |
| 245 10 - TITLE STATEMENT | |
| Title | Accordion crimes / |
| Statement of responsibility, etc. | Annie Proulx. |
| 260 ## - PUBLICATION, DISTRIBUTION, ETC. | |
| Place of publication, distribution, etc. | New York : |
| Name of publisher, distributor, etc. | Scribner, |
| Date of publication, distribution, etc. | 1996. |
| 263 ## - PROJECTED PUBLICATION DATE | |
| Projected publication date | 9606. |
| 300 ## - PHYSICAL DESCRIPTION | |
| Extent | 381 p. 24 cm. |
| 650 #0 - SUBJECT ADDED ENTRY--TOPICAL TERM | |
| Topical term or geographic name entry element | Accordionists |
| Geographic subdivision | United States |
| General subdivision | Fiction. |
| 650 #0 - SUBJECT ADDED ENTRY--TOPICAL TERM | |
| Topical term or geographic name entry element | Accordion |
| General subdivision | Fiction. |
| -- | Fiction. |
| 655 #7 - INDEX TERM--GENRE/FORM | |
| Genre/form data or focus term | Historical fiction. |
| 655 #7 - INDEX TERM--GENRE/FORM | |
| Genre/form data or focus term | Musical fiction. |
| Withdrawn status | Lost status | Damaged status | Not for loan | Home library | Current library | Shelving location | Date acquired | Total checkouts | Full call number | Barcode | Date last seen | Price effective from | Koha item type |
|---|---|---|---|---|---|---|---|---|---|---|---|---|---|
| Pleasant Valley | Pleasant Valley | General stacks | 22/03/2026 | GEN | BC0011207 | 22/03/2026 | 22/03/2026 | Books |